Indian constitution and administration. (Record no. 625)

MARC details
000 -LEADER
fixed length control field 00487cam a2200181ua 4500
008 - FIXED-LENGTH DATA ELEMENTS--GENERAL INFORMATION
fixed length control field 110412n ii |||gr||||Z||||||eng
040 ## - CATALOGING SOURCE
Transcribing agency MAIN
082 ## - DEWEY DECIMAL CLASSIFICATION NUMBER
Classification number 342.54
245 ## - TITLE STATEMENT
Title Indian constitution and administration.
Statement of responsibility, etc. By Arun Bhattacharjee.
250 ## - EDITION STATEMENT
Edition statement 2nd.
260 ## - PUBLICATION, DISTRIBUTION, ETC.
Place of publication, distribution, etc. Gowahati.:
Name of publisher, distributor, etc. Bina library.,988.
300 ## - PHYSICAL DESCRIPTION
Extent 283 p.:5 cm.
700 1# - ADDED ENTRY--PERSONAL NAME
Personal name Bhattacharjee, Arun.,
942 ## - ADDED ENTRY ELEMENTS (KOHA)
Koha item type Books
653 ## - INDEX TERM--UNCONTROLLED
Uncontrolled term Political science.
653 ## - INDEX TERM--UNCONTROLLED
Uncontrolled term Indian constitution and administration.
Holdings
Withdrawn status Lost status Damaged status Not for loan Home library Current library Shelving location Date acquired Total Checkouts Full call number Barcode Date last seen Copy number Price effective from Koha item type
        Central Library, Naharkatiya College Central Library, Naharkatiya College   19/09/2020   342.54 | BHA 565 19/09/2020 1 19/09/2020 Books

Naharkatiya College © 2020. All rights reserved.

Powered By